000 00715nam a2200217 a 4500
001 000040031
005 20201002033857.0
008 940610s2004 mx 000 0 spa d
020 _a8432230154
040 _aDO-SdBNP
_bspa
_cBNPHU
082 _aCu863.4
_bC297r, 1994
100 1 _aCarpentier, Alejo,
_d1904-1980
_98634
245 1 3 _aEl reino de este mundo /
_cAlejo Carpentier : introducción Ambrosio Fornet.
260 _aMéxico :
_bUniversidad Nacional Autónoma de México,
_c2004.
300 _a123 p. ;
_c19 cm.
490 1 _aDifusión cultural
_v14
650 4 _aNovela cubana
_92316
650 4 _aLiteratura cubana
_91483
700 1 _aFornet, Ambrosio
_915545
830 0 _aDifusión cultural
_v14
_966273
999 _c39521
_d39521